Gartside's model business letters : (Record no. 34948)

MARC details
000 -LEADER
fixed length control field 01096cam a2200313 a 4500
001 - CONTROL NUMBER
control field 11867839
003 - CONTROL NUMBER IDENTIFIER
control field OSt
005 - DATE AND TIME OF LATEST TRANSACTION
control field 20220416115835.0
008 - FIXED-LENGTH DATA ELEMENTS--GENERAL INFORMATION
fixed length control field 991214s1998 enka 001 0 eng
010 ## - LIBRARY OF CONGRESS CONTROL NUMBER
LC control number 99495077
020 ## - INTERNATIONAL STANDARD BOOK NUMBER
International Standard Book Number 0273633082 (pbk)
040 ## - CATALOGING SOURCE
Original cataloging agency DLC
Transcribing agency HU
Modifying agency DLC
050 00 - LIBRARY OF CONGRESS CALL NUMBER
Classification number HF5726
Item number .T373 1998
082 00 - DEWEY DECIMAL CLASSIFICATION NUMBER
Classification number 651.7/57
Edition number 21
100 1# - MAIN ENTRY--PERSONAL NAME
Personal name Taylor, Shirley,
Titles and words associated with a name Cert. Ed.
9 (RLIN) 36131
245 10 - TITLE STATEMENT
Title Gartside's model business letters :
Remainder of title & other business documents /
Statement of responsibility, etc. Shirley Taylor, Leonard Gartside.
246 30 - VARYING FORM OF TITLE
Title proper/short title Model business letters
250 ## - EDITION STATEMENT
Edition statement 5th ed.
260 ## - PUBLICATION, DISTRIBUTION, ETC.
Place of publication, distribution, etc. London :
Name of publisher, distributor, etc. Financial Times Professional Ltd.,
Date of publication, distribution, etc. 1998.
300 ## - PHYSICAL DESCRIPTION
Extent xii, 388 p. :
Other physical details ill. ;
Dimensions 25 cm.
500 ## - GENERAL NOTE
General note Includes index.
650 #0 - SUBJECT ADDED ENTRY--TOPICAL TERM
Topical term or geographic name entry element Commercial correspondence.
9 (RLIN) 36132
650 #0 - SUBJECT ADDED ENTRY--TOPICAL TERM
Topical term or geographic name entry element Business writing.
9 (RLIN) 36133
650 #0 - SUBJECT ADDED ENTRY--TOPICAL TERM
Topical term or geographic name entry element Letter writing.
9 (RLIN) 36134
700 1# - ADDED ENTRY--PERSONAL NAME
Personal name Gartside, L.
Fuller form of name (Leonard)
9 (RLIN) 36135
906 ## - LOCAL DATA ELEMENT F, LDF (RLIN)
a 7
b cbc
c orignew
d 3
e ncip
f 19
g y-gencatlg
942 ## - ADDED ENTRY ELEMENTS (KOHA)
Source of classification or shelving scheme Dewey Decimal Classification
Koha item type Books like text book referance book
Suppress in OPAC No
Holdings
Withdrawn status Lost status Source of classification or shelving scheme Damaged status Not for loan Collection code Home library Current library Shelving location Date acquired Total Checkouts Full call number Barcode Date last seen Copy number Price effective from Koha item type
    Dewey Decimal Classification     Reference Wondo Genet Library Wondo Genet Library General Stacks 04/16/2022   651.7/57 TAY 1998 WGCFNRL00015977 04/16/2022 1 04/16/2022 Books like text book referance book
    Dewey Decimal Classification     Reference Wondo Genet Library Wondo Genet Library General Stacks 04/16/2022   651.7/57 TAY 1998 WGCFNRL00015978 04/16/2022 2 04/16/2022 Books like text book referance book
    Dewey Decimal Classification     Reference Wondo Genet Library Wondo Genet Library General Stacks 04/16/2022   651.7/57 TAY 1998 WGCFNRL00015979 04/16/2022 3 04/16/2022 Books like text book referance book